00450nmm a2200157Ia 4500008004100000020001800041041000800059100002000067245002200087264008000109300001600189650001200205856005100217942000700268999001700275251105s9999||||xx |||||||||||||||||und|| a9788468789200 aspa aWilliams, Cathy 0aJuego de venganza a[Madrid, España] :bHarlequin, c[Fecha de publicación no identificada] a0 páginas aRomance uhttps://public.digitaliapublishing.com/a/95319 cCF c84570d84570